000 00863nam a2200277Ia 4500
003 OSt
005 20220926002452.0
006 a|||||r|||| 00| 0
007 ta
008 220923b |||||||| |||| 00| 0 eng d
020 _a8121508657
037 _cGeneral Book
040 _aRTL
_cRTL
_beng
041 _2eng
_aeng
082 _aV2,k,F.L5, N9
100 _aRay Indrani
_9305919
245 0 _aFrench East India Company and the trade of the India
260 _a New Delhi
_bMunshiram Manohar Lal Publishers
_c1999
300 _axiii, 256p
_ccm.
490 _aCentre for Studies in Social Sciences
500 _aBibliography: P 251-54
650 _aFrench East India Company
_9305920
700 _a Subramanian Lakshmi
_9263016
942 _hV2,k,F.L5, N9
_cGB
_2CC
999 _c605144
_d605144